00698 a2200181 4500003000400000005001700004008004100021040000900062082001500071100003000086245005100116260002500167300000900192942003600201952013100237952013100368999001700499OSt20240112115902.0240112b |||||||| |||| 00| 0 eng d coclc a297bMAD/A aMadani, Kunheedu K910265 aAhlussunnathi waljama-ath /cK Kunheedu Madani aKerala:bKNM,c2017. a124p 2ddccBKh297iMAD/Ak297mMAD/A 00102ddc40708ISLAMaMESbMEScISLd2024-01-12l0o297 MAD/Ap44796r2024-01-12 11:59:36t2v100.00w2024-01-12yBKzGL49R1 00102ddc40708ISLAMaMESbMEScISLd2024-01-12l0o297 MAD/Ap44795r2024-01-12 11:59:36t1v100.00w2024-01-12yBKzGL49R1 c43178d43178